Science Quiz

Random Science Quiz

Drugs- GI Quiz Stats

 Plays Quiz not verified by Sporcle

Support Sporcle.
Go Orange.
Score 0/45 Timer 10:00
0 Plays Today
Class Name % Correct
H2RBCimetidine
95.8%
H2RBRanitidine
87.5%
PPIOmeprazole
87.5%
AntacidSodium Bicarbonate
79.2%
H2RBFamotidine
79.2%
AntacidCalcium Carbonate
70.8%
Mucosal ProtectiveSucralfate
66.7%
Anti-Emetic, BenzodiazepineLorazepam
66.7%
Anti-Emetic, AntihistamineDiphenhydramine
66.7%
Bismuth SubsalicylateBismuth
62.5%
AntacidMagnesium Hydroxide
58.3%
Octapeptide, Somatostatin like)Octreotide
58.3%
Anti-Emetic, BenzodiazepineDiazepam.
58.3%
Anti-Emetic, CannabinoidsDronabinol
58.3%
Anti-Emetic, 5-HT4RA, ProkineticMetoclopramide
54.2%
Antidiarrheal - OpiodLoperamide
54.2%
Anti-Emetic, CannabinoidsMarijuana
50%
AntacidAluminium Hydroxide
45.8%
PPILansoprazole
45.8%
PPIEsomeprazole
45.8%
Anti-Emetic, D-RAPromethazine
45.8%
Anti-Emetic, D-RAProchlorperazine
41.7%
Anti-Emetic, 5-HT3 RB Serotonin BlockersOndansetron
37.5%
Class Name % Correct
Anti-Emetic, 5-HT3 RB Serotonin BlockersGranisetron
37.5%
Anti-Emetic, CorticosteroidsDexamethasone
37.5%
Laxative - OsmoticMagnesium Oxide
33.3%
Laxative - OsmoticSorbitol
33.3%
Laxative - OsmoticPolyethylene Glycol
33.3%
H2RBNizatidine
25%
PPIRabeprazole
25%
Anti-Emetic, ButyrophenoneHaloperidol
20.8%
Anti-Emetic, substituted BenzamideTrimethobenzamide
20.8%
Anti-Emetic, CorticosteroidsMethylprednisolone
20.8%
PPIPantoprazole
16.7%
Anti-Emetic, ButyrophenoneDroperidol
16.7%
Laxative - StimulantBisacodyl
16.7%
Anti-Emetic, Neurokinin-1 R-BAprepitant
12.5%
Laxative - Bulk FormingPsyllium
12.5%
Laxative - Stool SoftenerDocusate
12.5%
Antidiarrheal - OpiodDiphenoxylate
8.3%
Antimuscarinic, AntispasmodicDicyclomine
4.2%
Cholinomimetic - ProkineticNeostigmine
0%
5-HT3 RBAlosetron
0%
5-ASAMesalamine
0%
5-ASASulfasalazine
0%

You're not logged in!

Compare scores with friends on all Sporcle quizzes.
OR
Log In

From the Vault

Sporcle's Easiest US President (per Letter)

by Flick

Easier than crossing the Delaware River on a winter night.
Remove Ads.
Support Sporcle.
Get the best of Sporcle when you Go Orange. This ad-free experience offers more features, more stats, and more fun while also helping to support Sporcle. Thank you for becoming a member.

Show Comments

Extras

Created Mar 15, 2011ReportNominate
Tags:class, Drug, trade

Top Quizzes Today


Score Distribution

Your Account Isn't Verified!

In order to create a playlist on Sporcle, you need to verify the email address you used during registration. Go to your Sporcle Settings to finish the process.

Report this User

Report this user for behavior that violates our Community Guidelines.

Details: